000 00651nam a22002171a 4500
003 DO-SdBNP
005 20220606122020.0
007 ta
008 220606b2018 dr a|||| |||| 00| 0 spa d
020 _a9789945091236
040 _aDO-SdBNP
_bspa
_cBNPHU
082 4 _222
100 _926445
_aSánchez, Federico,
_d1953-
245 1 3 _aLa trama homicida de un capo desespechado :
_bnovela /
_cFederico Sánchez
260 _aSanto Domingo :
_bEl Centenario,
_c2018.
300 _a197 p. :
_bil. ;
_c21 cm.
500 _aIncluye datos biográficos del autor en las solapas
590 _aInventariado, 2022/BT
910 _aBtavárez
942 _2ddc
_cLBS1
999 _c51935
_d51935